01585nam a2200361 a 4500001001200000003000800012006001900020007001500039008004100054010001700095020002900112020002700141040002100168035002100189050002300210082001400233245014200247246002300389260005500412300002400467440003800491504005100529520020300580533015200783650002100935655002900956700003700985700002101022700002001043710001701063856012601080999001701206ebr10653887CaPaEBRm u cr cn|||||||||121012s2013 enka sb 001 0 eng d z 2012038979 z9780470655597 (hardback) z9781118384442 (e-book) aCaPaEBRcCaPaEBR a(OCoLC)81341606614aGF41b.W534 2013eb04a304.222304aThe Wiley-Blackwell companion to cultural geographyh[electronic resource] /cedited by Nuala Johnson, Richard Schein, and Jamie Winders.30aCultural geography aChichester, West Sussex :bWiley-Blackwell,c2013. axiv, 554 p. :bill. 0aBlackwell companions to geography aIncludes bibliographical references and index. a"A significantly revised new edition of this authoritative reference volume which traces the historical evolution of cultural geography through to the very latest research"--cProvided by publisher. aElectronic reproduction.bPalo Alto, Calif. :cebrary,d2013.nAvailable via World Wide Web.nAccess may be limited to ebrary affiliated libraries. 0aHuman geography. 7aElectronic books.2local1 aJohnson, Nuala Christina,d1962-1 aSchein, Richard.1 aWinders, Jamie.2 aebrary, Inc.40uhttp://site.ebrary.com/lib/rucke/Doc?id=10653887zAn electronic book accessible through the World Wide Web; click to view c76717d76717